Prepínacia matica s nízkym termoelektrickým napätím pre meracie aplikácie

Guardado en:
Detalles Bibliográficos
Autor principal: Janiga, David (Autor)
Otros Autores: Valúch, Daniel (Orientador)
Formato: Manuscrito Libro
Lenguaje:eslovaco
Publicado: Bratislava : STU v Bratislave FEI, 2025
Materias:
Acceso en línea:https://opac.crzp.sk/?fn=detailBiblioFormChildK11C9N&sid=809C367C54749DCAA047A9FF7E5A&seo=CRZP-detail-kniha
Etiquetas: Agregar Etiqueta
Sin Etiquetas, Sea el primero en etiquetar este registro!

MARC

LEADER 00000ntm a22000003a 4500
001 stuzp99121
003 SK-STU
005 20260323131023.1
007 ta
008 150427s2015----xo-----f-mn---000-0-slo-d
040 |a STU  |b slo 
041 0 |a slo 
044 |a xo 
100 1 |a Janiga, David  |u 034000  |4 aut  |U FEI Fakulta elektrotechniky a informatiky  |T FEI Ústav elektrotechniky  |X 111043  |U E040  |Y 550  |7 111043 
242 0 1 |a Low thermal EMF scanner for measurement applications  |y eng 
245 1 0 |a Prepínacia matica s nízkym termoelektrickým napätím pre meracie aplikácie 
260 |a Bratislava :  |b STU v Bratislave FEI,  |c 2025 
300 |a 141 s. 
650 4 |a Precision  |2 eng 
650 4 |a Metrology  |2 eng 
650 4 |a Relay  |2 eng 
650 4 |a Thermoelectric voltage  |2 eng 
650 4 |a Matrix scanner  |2 eng 
650 4 |a Presnosť  |2 slo 
650 4 |a Termoelektrické napätie  |2 slo 
650 4 |a Metrológia  |2 slo 
650 4 |a Relé  |2 slo 
650 4 |a Prepínacia matica  |2 slo 
700 1 |a Valúch, Daniel  |u 034000  |k Z8  |4 ths  |U FEI Fakulta elektrotechniky a informatiky  |T FEI Ústav elektrotechniky  |X 71187  |U E040  |Y 550  |7 71187 
856 4 |u https://opac.crzp.sk/?fn=detailBiblioFormChildK11C9N&sid=809C367C54749DCAA047A9FF7E5A&seo=CRZP-detail-kniha